Central Library OPAC University of Rajshahi

First Pakistan labour conference : (Record no. 47105)

MARC details
000 -LEADER
fixed length control field 00814nam a2200217 a 4500
001 - CONTROL NUMBER
control field 47105
003 - CONTROL NUMBER IDENTIFIER
rucl marc code BD-RjUL
005 - DATE AND TIME OF LATEST TRANSACTION
control field 20211209054248.0
008 - FIXED-LENGTH DATA ELEMENTS--GENERAL INFORMATION
fixed length control field 160807s1949 pk ||||| |||| 00| 0 eng d
035 ## - SYSTEM CONTROL NUMBER
System control number (BD-RjUL)47224
040 ## - CATALOGING SOURCE
Original cataloging agency BD-RjUL
Language of cataloging eng
Transcribing agency BD-RjUL
Modifying agency BD-RjUL
041 ## - LANGUAGE CODE
Language code of text/sound track or separate title eng
082 ## - DEWEY DECIMAL CLASSIFICATION NUMBER
Classification number 331.09549
Author mark and year PAF 1949
110 1# - MAIN ENTRY--CORPORATE NAME
Corporate name or jurisdiction name as entry element Pakistan.
Subordinate unit Ministry of Law and Labour. (Labour Division)
9 (RLIN) 230217
245 10 - TITLE STATEMENT
Title First Pakistan labour conference :
Remainder of title ( held at Karachi on 8th & 9th February 1949) : Summary of proceedings /
Statement of responsibility, etc. Pakistan. Ministry of Law and Labour. (Labour Division)
260 ## - PUBLICATION, DISTRIBUTION, ETC. (IMPRINT)
Place of publication, distribution, etc. Karachi :
Name of publisher, distributor, etc. Ministry of law and labour,
Date of publication, distribution, etc. 1949
300 ## - PHYSICAL DESCRIPTION
Pagination 66 p. ;
Size 23 cm
650 ## - SUBJECT ADDED ENTRY--TOPICAL TERM
Topical term or geographic name as entry element Labor .
Geographic subdivision Pakistan
General subdivision Congresses.
9 (RLIN) 230218
Topical term or geographic name as entry element Labor market
Geographic subdivision Pakistan
General subdivision Congresses.
9 (RLIN) 230219
942 ## - ADDED ENTRY ELEMENTS (KOHA)
Source of classification or shelving scheme Dewey Decimal Classification
Koha item type Books
Holdings
Lost status Source of classification or shelving scheme Damaged status Not for loan Collection code Permanent Location Current Location Shelving location Date acquired Source of acquisition Cost, normal purchase price Total Checkouts Full call number Date last seen Copy number Koha item type
  Dewey Decimal Classification     Non-fiction Central Library, University of Rajshahi Central Library, University of Rajshahi   26/01/1955 C. P. B., Dacca 3.40   331.09549 PAF 1949 07/08/2016 C-2 Books
  Dewey Decimal Classification   Not For Loan Rare Books Central Library, University of Rajshahi Central Library, University of Rajshahi Rare Book Section 08/04/2019       RA 331.09549 PAF 1949 08/04/2019 C-1 Rare Books